| 000 | 00477nam a2200145 a 4500 | ||
|---|---|---|---|
| 001 | 000046023 | ||
| 005 | 20250522115618.0 | ||
| 008 | 150611s1970 dr 000 0 spa d | ||
| 040 |
_aDO-SdBNP _bspa _cBNPHU |
||
| 100 | 1 |
_aPérez, Mario Emilio, _d1935- _922183 |
|
| 245 | 1 | 3 |
_aEl miedo cerro las puertas. / _cMario Emilio Pérez. |
| 260 |
_aSanto Domingo : _bTalleres Offset, _c1970. |
||
| 300 |
_a41 p. ; _c18 cm. |
||
| 590 | _aPerteneció a la biblioteca personal de Erick Landestoy | ||
| 999 |
_c45512 _d45512 |
||